Superstar India From Incredible to Unstoppable (Record no. 3020)
[ view plain ]
| 000 -LEADER | |
|---|---|
| fixed length control field | 00363nam a2200145Ia 4500 |
| 008 - FIXED-LENGTH DATA ELEMENTS--GENERAL INFORMATION | |
| fixed length control field | 230525s9999 xx 000 0 und d |
| 020 ## - INTERNATIONAL STANDARD BOOK NUMBER | |
| International Standard Book Number | 9780143102588 |
| 082 ## - DEWEY DECIMAL CLASSIFICATION NUMBER | |
| Classification number | 954 |
| Item number | SHOS |
| 100 ## - MAIN ENTRY--PERSONAL NAME | |
| Personal name | SHOBHAA DE |
| 245 #0 - TITLE STATEMENT | |
| Title | Superstar India From Incredible to Unstoppable |
| 260 ## - PUBLICATION, DISTRIBUTION, ETC. | |
| Place of publication, distribution, etc. | Delhi |
| Name of publisher, distributor, etc. | Penguine |
| Date of publication, distribution, etc. | 2008 |
| 300 ## - PHYSICAL DESCRIPTION | |
| Extent | 456 |
| 650 ## - SUBJECT ADDED ENTRY--TOPICAL TERM | |
| Topical term or geographic name entry element | Indian History |
| 942 ## - ADDED ENTRY ELEMENTS (KOHA) | |
| Koha item type | Book |
| Withdrawn status | Lost status | Source of classification or shelving scheme | Damaged status | Not for loan | Home library | Current library | Date acquired | Source of acquisition | Cost, normal purchase price | Full call number | Barcode | Date last seen | Price effective from | Koha item type | Public note |
|---|---|---|---|---|---|---|---|---|---|---|---|---|---|---|---|
| Dewey Decimal Classification | RIC Library | RIC Library | 05/25/2023 | HCM RIPA | 350.00 | 954 SHOS | 002330 | 05/25/2023 | 05/25/2023 | Book | R-17.5 |
